[Event "AUTO-ADV-4080"]
[Site "http://www.queenalice.com/game.php?id=1545611"]
[Date "2018.10.11"]
[Round "1"]
[White "Gatsby57"]
[Black "fabricioprado"]
[Result "0-1"]
[WhiteElo "1956"]
[BlackElo "1717"]

1. d4 d5 2. c4 c6 3. e3 Bf5 4. Nc3 e6 5. a3 Nf6 6. Be2 Be7 7. Nf3 O-O 8. O-O
Nbd7 9. Bd3 Bxd3 10. Qxd3 h6 11. Re1 Nb6 12. cxd5 exd5 13. e4 Nh7 14. e5 Qd7 15.
Ne2 Qe6 16. Nf4 Qd7 17. e6 Qd6 18. Ne5 fxe6 19. Nfg6 Rf5 20. Nxe7+ Qxe7 21. Qg3
Ng5 22. h4 Ne4 23. Qe3 Rxf2 24. Re2 Rxe2 25. Qxe2 Qxh4 26. Nf3 Qg3 27. Be3 Rf8
28. Rf1 Nc4 29. Bf2 Nxf2 30. Rxf2 Qg6 31. a4 a6 32. b3 Nd6 33. Rf1 Ne4 34. b4
Nc3 35. Qe1 Nxa4 36. Qa1 b5 37. Qc1 Qe8 38. Ne5 Rxf1+ 39. Kxf1 Nb6 40. Nxc6 Nc4
41. Ne5 Qf8+ 42. Nf3 Qxb4 43. Qa1 a5 44. Kg1 a4 45. Kh2 a3 46. Qf1 a2 47. Ne5
Nxe5 48. dxe5 Qb1 0-1

[Event "AUTO-ADV-4080"]
[Site "http://www.queenalice.com/game.php?id=1545626"]
[Date "2018.10.11"]
[Round "1"]
[White "Polyphem"]
[Black "Gatsby57"]
[Result "0-1"]
[WhiteElo "1949"]
[BlackElo "1912"]

1. d4 Nf6 2. c4 e6 3. Nc3 b6 4. e4 Bb7 5. Qc2 Bb4 6. a3 Bxc3+ 7. bxc3 Nxe4 8.
Bd3 Nf6 9. Ne2 Nc6 10. O-O Ne7 11. Bg5 Ng6 12. Bxg6 hxg6 13. Rad1 Qe7 14. d5
exd5 15. cxd5 Qd6 16. c4 Qxh2# 0-1

[Event "AUTO-ADV-4080"]
[Site "http://www.queenalice.com/game.php?id=1545627"]
[Date "2018.10.11"]
[Round "1"]
[White "Gatsby57"]
[Black "Polyphem"]
[Result "1-0"]
[WhiteElo "1943"]
[BlackElo "1860"]

1. d4 d5 2. Nc3 Nf6 3. Bg5 Nc6 4. Bxf6 exf6 5. e3 Bb4 6. a3 Bxc3+ 7. bxc3 Be6 8.
Bd3 O-O 9. Ne2 Qd6 10. Ng3 Rfe8 11. O-O Re7 12. Nf5 Bxf5 13. Bxf5 g6 14. Bd3
Rae8 15. Rb1 b6 16. a4 a5 17. Bb5 Na7 18. Bxe8 Rxe8 19. Ra1 Nc6 20. Qf3 Re4 21.
g3 Ne7 22. c4 f5 23. cxd5 Qxd5 24. Qe2 Re6 25. c4 Qd8 26. d5 Re5 27. Rfd1 Nc8
28. Rd4 Nd6 29. f3 Qf6 30. Rh4 g5 31. f4 gxf4 32. Qh5 Qg7 33. exf4 Re4 34. Rc1
Re7 35. c5 bxc5 36. Rxc5 Qd4+ 37. Kg2 f6 38. Rc6 Qxd5+ 39. Qf3 Qxf3+ 40. Kxf3
Ne4 41. Ra6 c5 42. Rxa5 Rc7 43. Rh5 c4 44. Rhxf5 c3 45. Kxe4 c2 46. Rfc5 c1=Q
47. Rxc1 Rxc1 48. Ra7 Ra1 49. Kf5 Ra2 50. Kxf6 Rxh2 51. Ra8# 1-0

[Event "AUTO-ADV-4080"]
[Site "http://www.queenalice.com/game.php?id=1545636"]
[Date "2018.10.11"]
[Round "1"]
[White "Erlofabr"]
[Black "Gatsby57"]
[Result "0-1"]
[WhiteElo "1840"]
[BlackElo "1921"]

1. e4 d5 2. e5 c5 3. Nf3 e6 4. d4 Bd7 5. c4 Nc6 6. dxc5 Bxc5 7. Bg5 Nge7 8. cxd5
exd5 9. Nc3 Be6 10. Bb5 O-O 11. Bh4 a6 12. Bd3 Bg4 13. Bc2 Bb4 14. O-O Nxe5 15.
Nxd5 Qxd5 16. Bxe7 Qxd1 17. Bxd1 Bxe7 18. Nxe5 Bxd1 19. Rfxd1 Bf6 20. Nc4 Rad8
21. g3 b5 22. Nd6 Bxb2 23. Rab1 Ba3 24. Nf5 g6 25. Nd4 Rc8 26. Kg2 Rfe8 27. Rb3
Bf8 28. Nf3 Rc2 29. Rd2 Rxd2 30. Nxd2 Re2 31. Nf3 Rxa2 32. Rd3 Ra3 33. Rd8 b4
34. Nd2 a5 35. Nc4 Ra2 36. Ra8 a4 37. Ne5 Kg7 38. Ra7 Kg8 39. Nxf7 b3 40. Rb7 b2
41. Ng5 a3 42. Nxh7 Bg7 43. Ng5 Ra1 44. Rb8+ Bf8 45. Ne6 Kf7 46. Nxf8 b1=Q 47.
Rxb1 Rxb1 48. Nd7 a2 49. Ne5+ Kg7 50. h4 a1=Q 51. Nf3 Rh1 52. Nh2 Qg1+ 53. Kf3
Rxh2 0-1

[Event "AUTO-ADV-4080"]
[Site "http://www.queenalice.com/game.php?id=1545637"]
[Date "2018.10.11"]
[Round "1"]
[White "Gatsby57"]
[Black "Erlofabr"]
[Result "1-0"]
[WhiteElo "1899"]
[BlackElo "1830"]

1. d4 Nf6 2. Bg5 Ne4 3. h4 c5 4. d5 Qb6 5. Qc1 c4 6. e3 h6 7. Bf4 Qf6 8. Ne2 g5
9. hxg5 hxg5 10. Rxh8 Qxh8 11. Bxb8 Rxb8 12. Nd2 Nd6 13. Ng3 b5 14. c3 e6 15.
dxe6 dxe6 16. Qc2 f5 17. O-O-O b4 18. Nxc4 Nxc4 19. Bxc4 Qh4 20. Be2 Bg7 21.
Qa4+ Kf7 22. Bh5+ Kf6 23. Qe8 Ke5 24. Rd4 f4 25. Re4+ Kd5 26. Qd8+ Kc6 27. Be8+
Kb7 28. Rxb4+ Ka8 29. Bc6+ Bb7 30. Bxb7# 1-0

[Event "Challenge"]
[Site "http://www.queenalice.com/game.php?id=1546153"]
[Date "2018.10.16"]
[Round "-"]
[White "ztnilz"]
[Black "Gatsby57"]
[Result "0-1"]
[WhiteElo "1900"]
[BlackElo "1946"]

1. e4 d5 2. exd5 Qxd5 3. Nc3 Qd6 4. a4 g6 5. Nf3 Bg7 6. Be2 Bxc3 7. bxc3 Nf6 8.
O-O O-O 9. d4 Bg4 10. Ne5 Bxe2 11. Qxe2 Nbd7 12. Bf4 Qe6 13. Qe1 Nxe5 14. Bxe5
c6 15. Bxf6 Qxf6 16. f4 e6 17. Qe5 Qxe5 18. dxe5 Rfd8 19. Rfd1 Rd5 20. Rxd5 cxd5
21. Kf2 Rc8 22. Ra3 Rc4 23. g3 b6 24. Ke3 Kf8 25. Kd3 Ke7 26. h3 Kd7 27. g4 Rxf4
0-1

[Event "Challenge"]
[Site "http://www.queenalice.com/game.php?id=1546154"]
[Date "2018.10.16"]
[Round "-"]
[White "Gatsby57"]
[Black "ztnilz"]
[Result "1-0"]
[WhiteElo "1934"]
[BlackElo "1891"]

1. d4 e6 2. a3 d5 3. e3 Nf6 4. Nf3 Be7 5. c4 dxc4 6. Bxc4 c6 7. O-O O-O 8. Nc3
b5 9. Ba2 Bb7 10. e4 a5 11. Bb1 b4 12. axb4 Bxb4 13. e5 Nd5 14. Bxh7+ 1-0

[Event "AUTO-ADV-4083"]
[Site "http://www.queenalice.com/game.php?id=1546712"]
[Date "2018.10.22"]
[Round "1"]
[White "Gatsby57"]
[Black "Mikalus"]
[Result "0-1"]
[WhiteElo "1943"]
[BlackElo "1796"]

1. d4 d5 2. c4 e6 3. Nf3 c5 4. e3 Nc6 5. Nc3 Nf6 6. Be2 Be7 7. O-O O-O 8. a3 a6
9. Re1 cxd4 10. Nxd4 Nxd4 11. Qxd4 dxc4 12. Qxc4 b5 13. Qd3 Bb7 14. Qc2 Rc8 15.
b4 Nd5 16. Rd1 Bf6 17. Bb2 Qe7 18. Qe4 Nxc3 19. Qd3 Nxd1 20. Bxf6 Qxf6 21. Rxd1
Rcd8 22. Qb1 Rxd1+ 23. Qxd1 Rd8 24. Bd3 Be4 0-1

[Event "AUTO-ADV-4083"]
[Site "http://www.queenalice.com/game.php?id=1546713"]
[Date "2018.10.22"]
[Round "1"]
[White "Mikalus"]
[Black "Gatsby57"]
[Result "0-1"]
[WhiteElo "1825"]
[BlackElo "1934"]

1. e4 d5 2. exd5 Qxd5 3. Nc3 Qd6 4. Nf3 Bg4 5. Be2 Nf6 6. d4 Nc6 7. Be3 e6 8. a3
Be7 9. Nb5 Qd7 10. Ne5 Bxe2 11. Qxe2 Nxe5 12. dxe5 Nd5 13. O-O Nxe3 14. fxe3 O-O
15. Rad1 Qc6 16. c4 a6 17. Nc3 f6 18. exf6 Bxf6 19. Rc1 Bxc3 20. Rxc3 Rxf1+ 21.
Qxf1 Rf8 22. Qe2 Rf6 23. e4 Qc5+ 24. Kh1 Rf2 25. Qd3 Qf8 26. Rc1 Qe7 27. b4 Qg5
28. Rg1 Rd2 29. Qf3 Qf6 30. Qh5 Ra2 31. Qe8+ Qf8 32. Qxe6+ Qf7 33. Qc8+ Qf8 34.
Qxb7 Rxa3 35. Qd5+ Kh8 36. b5 axb5 37. Qxb5 Qa8 38. e5 Ra5 39. Qd7 Rxe5 40. Qxc7
Ra5 41. h3 h6 42. Rc1 Ra2 43. Rg1 Rc2 44. c5 Rc3 45. Rf1 Rc2 46. Rg1 Rc3 47. Qe5
Rxh3+ 0-1

[Event "AUTO-ADV-4083"]
[Site "http://www.queenalice.com/game.php?id=1546714"]
[Date "2018.10.22"]
[Round "1"]
[White "Gatsby57"]
[Black "Nille"]
[Result "0-1"]
[WhiteElo "1953"]
[BlackElo "1878"]

1. d4 d5 2. c4 dxc4 3. Qa4+ Nc6 4. e3 Be6 5. Qb5 Rb8 6. Bxc4 Bxc4 7. Qxc4 e6 8.
a3 Nf6 9. Nf3 Qd5 10. Qd3 h6 11. O-O Bd6 12. Nc3 Qh5 13. h3 O-O 14. Ne4 Nxe4 15.
Qxe4 Rfe8 16. Bd2 a6 17. Bc3 Ne7 18. b4 Nd5 19. Bb2 Nf6 20. Qh4 Qd5 21. Rfe1 Be7
22. e4 Qb3 23. Rab1 Qc2 24. Qf4 c6 25. d5 exd5 26. Bxf6 Bxf6 27. e5 Be7 28. e6
fxe6 29. Nd4 Qg6 30. Rbd1 Bf6 31. Nxe6 Bb2 32. a4 Bc3 33. Re2 b5 34. a5 Bxb4 35.
Qxb4 Rxe6 36. Rde1 Rbe8 37. Re3 Re4 38. Qc5 Qf6 39. Rxe4 Rxe4 40. Kf1 Rxe1+ 41.
Kxe1 Qa1+ 42. Kd2 Qxa5+ 43. Qc3 Qxc3+ 44. Kxc3 c5 45. g4 a5 46. f4 a4 47. h4 b4+
48. Kb2 c4 49. h5 d4 50. g5 hxg5 51. fxg5 d3 52. g6 a3+ 53. Kc1 b3 0-1

[Event "AUTO-ADV-4083"]
[Site "http://www.queenalice.com/game.php?id=1546715"]
[Date "2018.10.22"]
[Round "1"]
[White "Nille"]
[Black "Gatsby57"]
[Result "0-1"]
[WhiteElo "1877"]
[BlackElo "1929"]

1. e4 d5 2. exd5 Qxd5 3. d4 Nc6 4. c3 e5 5. Qe2 Be7 6. dxe5 Nxe5 7. Qb5+ Qxb5 8.
Bxb5+ c6 9. Ba4 Nd3+ 10. Ke2 Nxc1+ 11. Kd2 Bg5+ 12. Kd1 Bg4+ 13. f3 O-O-O+ 14.
Kc2 Bf5# 0-1

[Event "AUTO-ADV-4083"]
[Site "http://www.queenalice.com/game.php?id=1546716"]
[Date "2018.10.22"]
[Round "1"]
[White "Gatsby57"]
[Black "ernestodn"]
[Result "0-1"]
[WhiteElo "1960"]
[BlackElo "1933"]

1. d4 Nf6 2. Bg5 Ne4 3. h4 c5 4. d5 g6 5. c3 Bg7 6. Nd2 Nxg5 7. hxg5 d6 8. e4
Nd7 9. Ngf3 Ne5 10. Bb5+ Bd7 11. Bxd7+ Qxd7 12. Nxe5 Bxe5 13. Nc4 Bf4 14. Qf3
Bxg5 15. Qg3 Bf6 16. O-O-O Qa4 17. Na3 Qxe4 18. Rhe1 Qa4 19. Qxd6 Bg5+ 20. f4
Bxf4+ 21. Qxf4 Qxf4+ 22. Kb1 Qg5 23. d6 O-O 24. Rxe7 Rfe8 25. Rde1 Rxe7 26. dxe7
Re8 27. Nb5 Rxe7 28. Rxe7 Qxe7 29. Nxa7 Qe2 30. a3 Qxg2 31. Ka2 h5 32. Nb5 h4
0-1

[Event "AUTO-ADV-4083"]
[Site "http://www.queenalice.com/game.php?id=1546717"]
[Date "2018.10.22"]
[Round "1"]
[White "ernestodn"]
[Black "Gatsby57"]
[Result "0-1"]
[WhiteElo "1948"]
[BlackElo "1939"]

1. e4 d5 2. exd5 Qxd5 3. Nc3 Qd6 4. Nf3 Nf6 5. d4 Bg4 6. Be2 e6 7. O-O Nc6 8.
Nb5 Qe7 9. Bg5 O-O-O 10. c4 h6 11. Bxf6 gxf6 12. Re1 h5 13. d5 Kb8 14. Qa4 Qb4
15. Qxb4 Nxb4 16. Rec1 Bh6 17. Rc3 a6 18. Nbd4 exd5 19. h3 Bxf3 20. Nxf3 d4 21.
Rb3 d3 22. Rxb4 dxe2 23. Re1 Rd1 24. Kh2 Rxe1 25. Nxe1 Bd2 26. Rb3 Re8 27. Nf3
e1=Q 28. Nxe1 Rxe1 29. Rd3 Re2 30. Rd8+ Ka7 31. Rd7 Bf4+ 32. g3 Rxf2+ 33. Kg1
Bxg3 34. Rxf7 Rxb2 35. Rxf6 h4 36. a4 Rb4 37. c5 Rxa4 38. c6 b6 39. Rf7 Rc4 0-1

[Event "AUTO-ADV-4080"]
[Site "http://www.queenalice.com/game.php?id=1563308"]
[Date "2019.3.6"]
[Round "2"]
[White "Gatsby57"]
[Black "MarcosT"]
[Result "0-1"]
[WhiteElo "1851"]
[BlackElo "1895"]

1. d4 d5 2. Nf3 Nf6 3. Bg5 g6 4. Bxf6 exf6 5. e3 Bb4+ 6. c3 Ba5 7. Qa4+ Nc6 8.
Bb5 Bxc3+ 9. Nxc3 Bd7 10. O-O a6 0-1